| 000 | 00960nam a2200325 c 4500 | ||
|---|---|---|---|
| 001 | 111243 | ||
| 003 | ES-MaBCM | ||
| 005 | 20241016140524.0 | ||
| 008 | 051005s1982 esp 001 spa | ||
| 016 | _zIBH8405707442 | ||
| 017 | _aB.8377-1978 | ||
| 020 | _a84-244-0439-4 | ||
| 021 | _axx | ||
| 035 | _a(OCoLC)318306280 | ||
| 040 | _cES-MaBCM | ||
| 041 | 1 |
_aspa _hger |
|
| 080 | _a321.7(091) | ||
| 080 | _a321.64(091) | ||
| 100 | 1 |
_aKuhnl, Reinhard _925026 |
|
| 245 | 1 | 0 |
_aLiberalismo y fascismo _b: dos formas de dominio burgués _cReinhard Kühnl ; presentación de Juan Ramón Capella ; [traducido por Ramón Ibero] |
| 250 | _a2ª ed | ||
| 260 |
_aBarcelona : _bFontanella, _c1982 |
||
| 300 |
_a294 p. _c21 cm |
||
| 440 | 0 |
_aLibros de confrotación _9105328 _pFilosofía _v10 |
|
| 504 | _aBibliografía: p. 287-194 | ||
| 650 | 2 | 7 |
_aLiberalismo _959251 |
| 650 | 2 | 7 |
_aFascismo _958689 |
| 700 | 1 |
_aCapella, Juan-Ramón _98035 |
|
| 942 | _cBK | ||
| 999 |
_c111243 _d111243 |
||